000 00674cam a2200205 4500
001 ABS62367
008 000000n2000 000 0 eng u
035 _a(Sirsi) u106310
100 _aSeidl, A.
245 _aOn edge over the wedge
260 _c2000
490 _aEstates Gazette
_v (0020) 20 May 2000, 59-63(5)
520 _aPresents the key findings of the EG/PSD Salary and Benefits Survey, and discusses their implications. Tables and graphs.
590 _aABS
650 _aSALARY SURVEYS
650 _aESTATES GAZETTE/PSD SALARY AND BENEFITS SURVEY
650 _aSCOTLAND
690 _aMANAGEMENT-BUSINESS MANAGEMENT-PROFESSIONAL PRACTICE
942 _n0
999 _c63670
_d63670